| 000 | 00925nam a2200253Ia 4500 | ||
|---|---|---|---|
| 003 | OSt | ||
| 005 | 20221005111858.0 | ||
| 006 | a|||||r|||| 00| 0 | ||
| 007 | ta | ||
| 008 | 221004b |||||||| |||| 00| 0 hin d | ||
| 024 | _a78070 | ||
| 037 | _cTextual | ||
| 040 |
_aCRL _cCRL _bhin |
||
| 041 |
_2hin _ahin |
||
| 082 | _aTxM95x, 152N8 | ||
| 100 |
_aजे. कृष्णमूर्ति _9160349 |
||
| 245 | 0 | _aशिक्षा संवाद छात्रों और शिक्षकों से | |
| 246 | _aShikṣhā sanvād chhātroan aur shikṣhakoan se | ||
| 260 |
_aवाराणसी _bकृष्णमूर्ति फाउण्डेेशन इंडिया भारत _c1998 |
||
| 300 |
_a144पृ0 _ccm. |
||
| 650 | _aशिक्षण | ||
| 942 |
_hTxM95x, 152N8 _cTEXL _2cc |
||
| 999 |
_c1023172 _d1023172 |
||